LEADER 00745nam a2200205 i 4500 001 000000165649 003 CaOOAMICUS 005 20071023000000.0 008 071023s1981 it u000 u ita u 013 $a143017 040 $aSeMil$bita 100 1 $aBevilacqua, Alberto,$d<1934-2013>.$0(OLS)http://semarc/name/14094 245 13$aLa festa parmigiana /$cAlberto Bevilacqua. 260 $aMilano :$bClub degli editori,$c1981. 300 $a229 p. ;$c23 cm. 850 $aSeMil 852 $aSeMil$W1$xVenegono$y1$m1A IV 149$j256724$B116836$CSeMilBibl$Z2$F127744 $81 961 $aRecupero: Altro 996 $6245$aLa festa parmigiana$9(OLS)http://semarc/title/236525 996 $6260$aMilano :$bClub degli editori$9(OLS)http://semarc/publisher/33332 LEADER 01722nam a2200325 i 4500 001 000000190016 003 CaOOAMICUS 005 20100526000000.0 008 100526s2007 it u000 u ita u 013 $a168369 020 $a978-88-8243-176-1 040 $aSeMil$bita 100 1 $aGravina, Domenico Benedetto.$0(OLS)http://semarc/name/61851 245 13$aIl Duomo di Monreale :$billustrato e riportato in tavole cromolitografiche : riproduzione integrale dell'originale del 1869 /$cDomenico Benedetto Gravina ; presentazione di Massimo Naro ; testo di S.E. Mons. Cataldo Naro ; nota dell'Editore [di] Salvatore Granata. 260 $aCaltanissetta :$bLussografica,$c2007. 300 $a198 p. :$briccamente ill. ;$c42 cm. 490 0 $aScrinia ;$v4 500 $aDono del Card. Dionigi Tettamanzi. - In custodia. 650 4$aMonreale - Chiese - Cattedrale di Santa Maria Nuova (Duomo).$0(OLS)http://semarc/subject/17137 700 1 $aGranata, Salvatore.$0(OLS)http://semarc/name/69508 700 1 $aNaro, Cataldo .$0(OLS)http://semarc/name/866 700 1 $aNaro, Massimo,$d<1970- >.$0(OLS)http://semarc/name/3744 830 0$aScrinia ;$v4.$0(OLS)http://semarc/title/24107 850 $aSeMil 852 $aSeMil$W1$xVenegono$y1$m5P XII 34$j140647$B140647$CSeMilBibl$Z2$F152376 $81 941 1 $a5 961 $aOmaggio: Tettamanzi Card. Dionigi 996 $6020$a978-88-8243-176-1$9(OLS)http://semarc/number/180836 996 $6245$aIl Duomo di Monreale :$billustrato e riportato in tavole cromolitografiche : riproduzione integrale dell'originale del 1869$9(OLS)http://semarc/title/273690 996 $6260$aCaltanissetta :$bLussografica$9(OLS)http://semarc/publisher/32360